000 004950000a22001930004500
001 22
003 CO-MdFUSB
005 20170615145014.0
008 170615b xxu||||| |||| 00| 0 eng d
020 _a958-04-5626-7
040 _cCO-MdBIC
082 0 4 _a863C B862ud
100 1 _aBassede, Francine
245 1 0 _aUn dia con los cerditos / Francine Bassede,Traducción : Cristina Aparicio
260 _aBogotá : Norma
300 _a[ 32 P.]
650 1 4 _aLiteratura infantil
942 _cLGB
999 _c47282
_d47282